[Event "Kup Centralne Srbije 2013"]
[Site "Vrnjacka Banja"]
[Date "2013.04.27"]
[Round "6.1"]
[White "Ilic, Zoran S"]
[Black "Avramovic, Zoran"]
[Result "0-1"]
[WhiteElo "2284"]
[BlackElo "2293"]
[PlyCount "88"]
[EventDate "2013.03.24"]

1. Nf3 d5 2. d4 e6 3. c4 c6 4. g3 Bd6 5. Bg2 f5 6. O-O Nf6 7. Nc3 Nbd7 8. Qc2
Ne4 9. Rb1 O-O 10. b4 Nxc3 11. Qxc3 b5 12. cxb5 cxb5 13. Bf4 Bxf4 14. gxf4 Nb6
15. Ne5 Bd7 16. Rfc1 Nc4 17. Rb3 Rc8 18. Qe1 Rc7 19. Rbc3 Qe7 20. a3 Rfc8 21.
e3 Be8 22. h3 Kh8 23. Nd3 g5 24. Qe2 Qf6 25. fxg5 Qxg5 26. Nf4 Rg7 27. Kh2 Bf7
28. Rg1 Rcg8 29. Rcc1 Qe7 30. Ra1 Rg5 31. a4 a6 32. axb5 axb5 33. Ra6 Qxb4 34.
Ra7 Qf8 35. Rga1 R5g7 36. Bf3 Qb8 37. Re7 b4 38. Raa7 Nd6 39. Qb2 b3 40. Ra3
Nc4 41. Qxb3 Nxa3 42. Qxa3 Qb1 43. Bg2 Rxg2+ 44. Nxg2 Qf1 0-1

[Event "Kup Centralne Srbije 2013"]
[Site "Vrnjacka Banja"]
[Date "2013.04.27"]
[Round "6.1"]
[White "Mircic, Ivan"]
[Black "Mitrovic, Darko R"]
[Result "0-1"]
[WhiteElo "2250"]
[BlackElo "2259"]
[PlyCount "70"]
[EventDate "2013.03.24"]

1. Nf3 Nf6 2. g3 d5 3. Bg2 e6 4. O-O Be7 5. d4 O-O 6. c4 c6 7. Bf4 Nbd7 8. Qc2
Nh5 9. Ne5 Nxf4 10. gxf4 Nxe5 11. fxe5 Bd7 12. Nd2 Rc8 13. Qd3 dxc4 14. Nxc4 b5
15. Nd6 Bxd6 16. exd6 f5 17. Rac1 Qa5 18. a3 Qb6 19. e4 fxe4 20. Bxe4 h6 21.
Rc5 Rf4 22. Qe3 Rcf8 23. Rfc1 Qb8 24. Bxc6 Qxd6 25. Bxd7 Qxd7 26. Re1 Rxd4 27.
Rc2 Rg4+ 28. Kf1 Rg6 29. Qe4 Rgf6 30. Kg1 Kh8 31. Re3 Qf7 32. Ree2 Rf5 33. Qxe6
Rg5+ 34. Kf1 Qf3 35. Ke1 Rg1+ 0-1

[Event "Kup Centralne Srbije 2013"]
[Site "Vrnjacka Banja"]
[Date "2013.04.27"]
[Round "6.1"]
[White "Djokic, Vladan"]
[Black "Obradovic, Blazimir"]
[Result "1-0"]
[WhiteElo "2312"]
[BlackElo "2151"]
[PlyCount "43"]
[EventDate "2013.03.24"]

1. e4 e6 2. d4 d5 3. e5 c5 4. c3 Nc6 5. Nf3 Qb6 6. a3 c4 7. Nbd2 Na5 8. Be2 Bd7
9. O-O O-O-O 10. Rb1 Kb8 11. b3 cxb3 12. c4 dxc4 13. Nxc4 Nxc4 14. Bxc4 Bc6 15.
Be3 Bd5 16. Bxd5 Rxd5 17. Rxb3 Qc7 18. Ng5 Nh6 19. g4 Be7 20. Ne4 Rhd8 21. Qf3
Rxd4 22. Rc1 1-0

[Event "Kup Centralne Srbije 2013"]
[Site "Vrnjacka Banja"]
[Date "2013.04.27"]
[Round "6.2"]
[White "Smolovic, Mile"]
[Black "Brankovic, Dejan"]
[Result "1/2-1/2"]
[WhiteElo "2367"]
[BlackElo "2359"]
[PlyCount "35"]
[EventDate "2013.03.24"]

1. e4 c5 2. Nf3 d6 3. d4 cxd4 4. Nxd4 Nf6 5. Nc3 g6 6. g3 Nc6 7. Nde2 Bg7 8.
Bg2 O-O 9. O-O Rb8 10. a4 a6 11. Nd5 b5 12. axb5 axb5 13. Bd2 Bb7 14. h3 e6 15.
Nxf6+ Bxf6 16. Bc3 Bxc3 17. Nxc3 b4 18. Ne2 1/2-1/2

[Event "Kup Centralne Srbije 2013"]
[Site "Vrnjacka Banja"]
[Date "2013.04.27"]
[Round "6.2"]
[White "Cvetanovic, Uros"]
[Black "Irizanin, Radoje"]
[Result "1-0"]
[WhiteElo "2237"]
[BlackElo "2335"]
[PlyCount "53"]
[EventDate "2013.03.24"]

1. e4 c5 2. Nf3 Nc6 3. d4 cxd4 4. Nxd4 g6 5. Nc3 Bg7 6. Be3 Nf6 7. Bc4 Qa5 8.
f3 a6 9. Bb3 O-O 10. Qd2 b5 11. O-O-O b4 12. Nd5 Nxd5 13. exd5 Nxd4 14. Bxd4 e5
15. dxe6 dxe6 16. Bxg7 Kxg7 17. h4 h6 18. Qd4+ e5 19. Qd6 Bb7 20. Qe7 Qb5 21.
Rd6 Qe8 22. Qxb7 a5 23. Qd7 a4 24. Qxe8 Rfxe8 25. Bd5 Rad8 26. Rxd8 Rxd8 27.
Rd1 1-0

[Event "Kup Centralne Srbije 2013"]
[Site "Vrnjacka Banja"]
[Date "2013.04.27"]
[Round "6.2"]
[White "Mirkovic, Stevan"]
[Black "Mladenovic, Stefan"]
[Result "0-1"]
[WhiteElo "2294"]
[BlackElo "2297"]
[PlyCount "67"]
[EventDate "2013.03.24"]

1. Nf3 Nf6 2. c4 Nc6 3. g3 e5 4. Bg2 g6 5. Nc3 Bg7 6. O-O O-O 7. d3 d6 8. Ne1
Be6 9. Nd5 Qd7 10. Bg5 Ne8 11. Rb1 h6 12. Bd2 Nd8 13. Nc3 c6 14. Qa4 f5 15. b4
Rf7 16. b5 d5 17. bxc6 bxc6 18. cxd5 cxd5 19. d4 e4 20. Qxd7 Rxd7 21. e3 Nd6
22. Nc2 Nc4 23. Rfd1 Rc8 24. Na4 Nxd2 25. Rxd2 Bf8 26. Bf1 Rdc7 27. Na1 Bd7 28.
Nc5 Bxc5 29. dxc5 Rxc5 30. Nb3 Rc2 31. Rxd5 Be6 32. Ra5 Nc6 33. Ra6 Bf7 34. Rd1
0-1

[Event "Kup Centralne Srbije 2013"]
[Site "Vrnjacka Banja"]
[Date "2013.04.27"]
[Round "6.2"]
[White "Djordjevic, Vuk"]
[Black "Matovic, Petar"]
[Result "0-1"]
[WhiteElo "2140"]
[BlackElo "2234"]
[PlyCount "132"]
[EventDate "2013.03.24"]

1. e4 d5 2. exd5 Qxd5 3. Nc3 Qa5 4. d4 c6 5. Nf3 Nf6 6. Bd2 Bf5 7. Bc4 e6 8.
Nd5 Qd8 9. Nxf6+ gxf6 10. Be3 Nd7 11. Qd2 h5 12. Nh4 Be4 13. f3 Bd5 14. Bd3 b5
15. O-O Nb6 16. b3 a5 17. f4 f5 18. Nf3 Bxf3 19. Rxf3 Nd5 20. Bf2 b4 21. Re1
Be7 22. Bc4 Kf8 23. Kh1 Nc3 24. a4 Qd6 25. Be3 Bf6 26. Bg1 Rd8 27. Rd3 h4 28.
Rf1 Ne4 29. Qe1 Ng3+ 30. Rxg3 hxg3 31. Qxg3 Bxd4 32. Rd1 c5 33. Bf2 Qe7 34. Qd3
Qf6 35. Bg3 Kg7 36. Qe2 Bc3 37. Bd3 Qd4 38. Rf1 Qd6 39. Rf3 Qd5 40. Bf2 Bd4 41.
Bg3 Bf6 42. Bf2 Qd6 43. Rg3+ Kf8 44. Rf3 Qd5 45. h3 Bd4 46. Bg3 Bf6 47. Bf2 Rd7
48. Kh2 Bd4 49. Bg3 Rd8 50. Kh1 Qd6 51. Kh2 Kg7 52. Kh1 Rdg8 53. Kh2 Rh6 54.
Qe1 Kf8 55. Kh1 Rhg6 56. Bf1 Bc3 57. Qf2 Qd4 58. Rd3 Qxf2 59. Bxf2 Bd4 60. Bxd4
cxd4 61. Rxd4 Ke7 62. Kg1 Rc8 63. Rd2 Rgg8 64. Kf2 Rgd8 65. Bd3 Rd4 66. Kf3 Rh8
0-1

[Event "Kup Centralne Srbije 2013"]
[Site "Vrnjacka Banja"]
[Date "2013.04.27"]
[Round "6.3"]
[White "Garic, Radomir"]
[Black "Marcetic, Predrag"]
[Result "1/2-1/2"]
[WhiteElo "2260"]
[BlackElo "2256"]
[PlyCount "77"]
[EventDate "2013.03.24"]

1. e4 c6 2. d4 d5 3. exd5 cxd5 4. Bd3 Nc6 5. c3 Nf6 6. Bf4 Bg4 7. Qb3 Qd7 8.
Nd2 e6 9. Ngf3 a6 10. h3 Bh5 11. O-O Bg6 12. Bxg6 hxg6 13. Rae1 Be7 14. Ne5
Nxe5 15. dxe5 Nh5 16. Bh2 g5 17. c4 Rd8 18. Rd1 b5 19. cxd5 Qxd5 20. Qxd5 Rxd5
21. Nb3 Nf4 22. Bxf4 gxf4 23. Rxd5 exd5 24. Nd4 Kd7 25. Re1 Rc8 26. b3 Ba3 27.
Kf1 Re8 28. Ne2 g5 29. h4 Rxe5 30. hxg5 f3 31. gxf3 Rxg5 32. Rd1 Kd6 33. f4 Rf5
34. Kg2 Bb2 35. Kf3 Rf6 36. Rd2 Ba1 37. Rd1 Bb2 38. Rd2 Ba1 39. Rd1 1/2-1/2

[Event "Kup Centralne Srbije 2013"]
[Site "Vrnjacka Banja"]
[Date "2013.04.27"]
[Round "6.3"]
[White "Milosevic, Zoran"]
[Black "Djokic, Nebojsa"]
[Result "1-0"]
[WhiteElo "2249"]
[BlackElo "2206"]
[PlyCount "59"]
[EventDate "2013.03.24"]

1. d4 Nf6 2. Nf3 g6 3. c4 Bg7 4. Nc3 O-O 5. g3 d6 6. Bg2 Nc6 7. O-O a6 8. h3
Bd7 9. e4 e5 10. Be3 exd4 11. Nxd4 Re8 12. Re1 Ne5 13. b3 Qc8 14. f4 Nc6 15.
Kh2 Rb8 16. Rc1 Nxd4 17. Bxd4 Bc6 18. Nd5 Nxd5 19. cxd5 Bd7 20. Bxg7 Kxg7 21.
Qd4+ f6 22. e5 dxe5 23. fxe5 fxe5 24. Rxe5 Kg8 25. Rxe8+ Bxe8 26. d6 c6 27.
Bd5+ Bf7 28. Bxf7+ Kxf7 29. Rf1+ Kg8 30. Qc4+ 1-0

[Event "Kup Centralne Srbije 2013"]
[Site "Vrnjacka Banja"]
[Date "2013.04.27"]
[Round "6.3"]
[White "Djukic, Slobodan D"]
[Black "Vasic, Vladimir"]
[Result "1-0"]
[WhiteElo "2191"]
[BlackElo "2188"]
[PlyCount "105"]
[EventDate "2013.03.24"]

1. e4 e5 2. Nf3 Nc6 3. Bb5 f5 4. Nc3 fxe4 5. Nxe4 d5 6. Nxe5 dxe4 7. Nxc6 Qg5
8. Qe2 Nf6 9. f4 Qh4+ 10. g3 Qh3 11. Ne5+ c6 12. Bc4 Be6 13. d4 O-O-O 14. Be3
Bd6 15. O-O-O Nd5 16. Bxd5 cxd5 17. Rd2 Rhf8 18. Rg1 Kb8 19. g4 g6 20. Rg3 Qh4
21. Qf2 Rc8 22. g5 Rc7 23. Rd1 Rfc8 24. c3 b5 25. Kb1 b4 26. Rc1 bxc3 27. Rxc3
Rxc3 28. bxc3 Ka8 29. Kc2 Bf5 30. Qe2 Rb8 31. Rg1 Qh5 32. Qxh5 gxh5 33. Rb1
Rxb1 34. Kxb1 Kb7 35. Kc2 a6 36. Nf7 Bf8 37. Kb3 Kb6 38. c4 dxc4+ 39. Kxc4 Bg6
40. d5+ Kc7 41. Ne5 Bf5 42. Bd2 Bd6 43. Ba5+ Kc8 44. Bb4 Kc7 45. Bxd6+ Kxd6 46.
Kd4 Ke7 47. Nc4 Kf7 48. Ne3 Kg6 49. Ke5 Bd7 50. h4 h6 51. Kd6 hxg5 52. fxg5 Bb5
53. Ke7 1-0

[Event "Kup Centralne Srbije 2013"]
[Site "Vrnjacka Banja"]
[Date "2013.04.27"]
[Round "6.3"]
[White "Djokovic, Nebojsa"]
[Black "Madjar, Stanislav"]
[Result "0-1"]
[WhiteElo "2115"]
[BlackElo "2182"]
[PlyCount "114"]
[EventDate "2013.03.24"]

1. e4 Nf6 2. Nc3 d5 3. e5 Ne4 4. d4 Nxc3 5. bxc3 c5 6. Nf3 Bg4 7. Be2 e6 8. O-O
Bxf3 9. Bxf3 c4 10. a4 Nc6 11. g3 Qa5 12. Bd2 O-O-O 13. Qe2 Be7 14. Rfb1 a6 15.
Bg2 h5 16. h4 g6 17. Rb2 Rd7 18. Qf3 Rh7 19. Be1 g5 20. hxg5 Bxg5 21. Qe2 Qd8
22. f4 Be7 23. Bh3 Qg8 24. Kh2 Bd8 25. Bd2 Ne7 26. f5 h4 27. g4 Nxf5 28. Qf3
Ng3 29. Bf4 Ne4 30. Re1 Ng5 31. Qe3 Qg6 32. Bxg5 Bxg5 33. Qf3 Rh8 34. Qe2 Qg8
35. Rf1 Qd8 36. Ra1 Qa5 37. Qe1 Kb8 38. Rbb1 Ka7 39. Kh1 Rc8 40. Bg2 Rc6 41.
Bf3 Rb6 42. Rb4 Be7 43. Rxb6 Qxb6 44. Qb1 Qa5 45. Qe1 Bg5 46. Kg2 Rc7 47. Kh3
Rc6 48. Ra3 Qd8 49. Ra2 Rb6 50. Qa1 Bd2 51. Qg1 Qg5 52. Qf2 Bxc3 53. Qxh4 Qe3
54. Qf6 Bxd4 55. Qxf7 Bxe5 56. Kh4 Bf4 57. a5 Qf2+ 0-1

[Event "Kup Centralne Srbije 2013"]
[Site "Vrnjacka Banja"]
[Date "2013.04.27"]
[Round "6.4"]
[White "Bura, Goran"]
[Black "Trailovic, Mile"]
[Result "0-1"]
[WhiteElo "2209"]
[BlackElo "2141"]
[PlyCount "106"]
[EventDate "2013.03.24"]

1. Nf3 d6 2. d4 Nf6 3. Nc3 g6 4. e4 Bg7 5. h3 O-O 6. Be3 h6 7. Bd3 Nc6 8. a3 e5
9. dxe5 Nxe5 10. Be2 Be6 11. Nd4 Bc4 12. f4 Bxe2 13. Qxe2 Ned7 14. O-O-O Re8
15. f5 Ne5 16. g4 Nfd7 17. g5 h5 18. f6 Bf8 19. Nd5 Nc5 20. Nf5 Nxe4 21. Nfe7+
Bxe7 22. Nxe7+ Rxe7 23. fxe7 Qxe7 24. Qg2 Nc6 25. Rhe1 Re8 26. Kb1 Qe6 27. Ka1
a6 28. Bc1 Qe5 29. Qg1 Re6 30. Qe3 b5 31. Qf4 Qxf4 32. Bxf4 Nf2 33. Rxe6 fxe6
34. Rf1 Ne4 35. Re1 d5 36. Bxc7 Nd4 37. Kb1 Nf3 38. Re3 Nfxg5 39. h4 Nf7 40. a4
Nh6 41. axb5 axb5 42. Ra3 Nf5 43. Bd8 Kf7 44. Ra8 e5 45. Rb8 Ned6 46. Bg5 d4
47. Kc1 Ke6 48. Rg8 Kf7 49. Rh8 Ne4 50. Bd8 Nf6 51. Bc7 Ke6 52. Rb8 Nxh4 53.
Rxb5 Nf3 0-1

[Event "Kup Centralne Srbije 2013"]
[Site "Vrnjacka Banja"]
[Date "2013.04.27"]
[Round "6.4"]
[White "Vlajic, Sasa"]
[Black "Rajkovic, Ljubisa"]
[Result "1-0"]
[WhiteElo "2170"]
[BlackElo "2151"]
[PlyCount "63"]
[EventDate "2013.03.24"]

1. Nf3 d5 2. g3 Nf6 3. Bg2 c6 4. O-O Nbd7 5. d4 g6 6. b3 Bg7 7. Bb2 O-O 8. Nbd2
Nb6 9. Ne5 Ng4 10. Nd3 f5 11. Nf3 Nd7 12. Ng5 Rf6 13. h3 Nh6 14. c4 e6 15. Ne5
Nf8 16. Nd3 Nf7 17. Nxf7 Rxf7 18. Ne5 Rf6 19. e3 Bd7 20. f4 Be8 21. g4 fxg4 22.
hxg4 g5 23. cxd5 cxd5 24. f5 Rc8 25. Rc1 Rxc1 26. Qxc1 Rh6 27. Ba3 Bxe5 28.
dxe5 Bc6 29. Qc5 Kg7 30. Qxa7 Rh4 31. Bxf8+ Qxf8 32. fxe6 1-0

[Event "Kup Centralne Srbije 2013"]
[Site "Vrnjacka Banja"]
[Date "2013.04.27"]
[Round "6.4"]
[White "Dragic, Vladimir"]
[Black "Kostic, Marko"]
[Result "1-0"]
[WhiteElo "2119"]
[BlackElo "1668"]
[PlyCount "99"]
[EventDate "2013.03.24"]

1. d4 d5 2. Bg5 Nd7 3. e3 Ngf6 4. Nf3 e6 5. Nbd2 h6 6. Bh4 Be7 7. Bd3 O-O 8.
O-O c5 9. c3 c4 10. Bc2 b5 11. a3 a5 12. e4 dxe4 13. Nxe4 Bb7 14. Nxf6+ Nxf6
15. Ne5 Nd7 16. Bxe7 Qxe7 17. f4 Nxe5 18. fxe5 b4 19. Qg4 b3 20. Be4 a4 21.
Rae1 Bxe4 22. Rxe4 Kh8 23. Qh3 Kh7 24. Rh4 Qg5 25. Rhf4 Qg6 26. Qf3 Ra7 27. h4
h5 28. Kh2 Rc7 29. Qe2 Rc6 30. Qf3 Rc7 31. Rf2 Kg8 32. g4 hxg4 33. Rxg4 Qh6 34.
Rfg2 f5 35. exf6 Qxf6 36. Qg3 Rd7 37. Rg6 Qe7 38. Rg5 Rf5 39. Qb8+ Kh7 40. Qg3
Rxg5 41. Qxg5 Qxg5 42. Rxg5 Rd5 43. Kg3 g6 44. Rxd5 exd5 45. Kf4 Kh6 46. Ke5
Kh5 47. Kxd5 Kxh4 48. Kxc4 g5 49. d5 g4 50. d6 1-0

[Event "Kup Centralne Srbije 2013"]
[Site "Vrnjacka Banja"]
[Date "2013.04.27"]
[Round "6.5"]
[White "Rihterovic, Milan"]
[Black "Blagojevic, Nebojsa"]
[Result "1-0"]
[WhiteElo "2199"]
[BlackElo "2324"]
[PlyCount "90"]
[EventDate "2013.03.24"]

1. c4 e5 2. Nc3 Nf6 3. g3 Bb4 4. Bg2 Bxc3 5. bxc3 O-O 6. Nf3 d6 7. O-O Re8 8.
d3 c5 9. Ne1 Nc6 10. Nc2 h6 11. Ne3 Rb8 12. Rb1 Bd7 13. Qc2 Ng4 14. Nd5 Nf6 15.
e4 Nxd5 16. cxd5 Ne7 17. f4 f6 18. fxe5 dxe5 19. Be3 Qc7 20. Qf2 b6 21. Bxh6
Rf8 22. Be3 Nc8 23. Qd2 Nd6 24. h4 Qc8 25. Kh2 Qe8 26. Qe2 Qg6 27. c4 Bg4 28.
Qc2 Rbc8 29. a4 f5 30. a5 fxe4 31. dxe4 Rxf1 32. Rxf1 Rf8 33. Rxf8+ Kxf8 34.
axb6 axb6 35. Bg5 Nf7 36. Bc1 Qf6 37. Qa2 Kg8 38. Kg1 Bf3 39. Bg5 Nxg5 40. hxg5
Qf7 41. Qd2 Qf8 42. Bh3 Qd8 43. Bf5 Qe8 44. Qf2 Bh5 45. Be6+ Kh8 1-0

[Event "Kup Centralne Srbije 2013"]
[Site "Vrnjacka Banja"]
[Date "2013.04.27"]
[Round "6.5"]
[White "Mitrovic, Marjan"]
[Black "Markovic, Slavoljub"]
[Result "0-1"]
[WhiteElo "2113"]
[BlackElo "2239"]
[PlyCount "68"]
[EventDate "2013.03.24"]

1. Nf3 d5 2. g3 c5 3. Bg2 Nc6 4. d4 Nf6 5. O-O e6 6. c4 dxc4 7. Qa4 Bd7 8. Qxc4
Qb6 9. dxc5 Qxc5 10. Na3 Rc8 11. Bf4 Qh5 12. Nb5 e5 13. Bg5 a6 14. Bxf6 axb5
15. Qh4 Qxh4 16. Bxh4 f6 17. g4 Bxg4 18. e3 Be6 19. Rfd1 Be7 20. Nd2 Kf7 21.
Bf1 Rhd8 22. Bxb5 Nb4 23. Nb3 Rxd1+ 24. Rxd1 Nxa2 25. Na1 Bg4 26. f3 Bxf3 27.
Rd7 Rc1+ 28. Kf2 Bg4 29. Rxb7 Rxa1 30. Bd3 Nb4 31. Bxh7 Ra2 32. Bg6+ Kxg6 33.
Rxe7 Rxb2+ 34. Kg3 Bf5 0-1

[Event "Kup Centralne Srbije 2013"]
[Site "Vrnjacka Banja"]
[Date "2013.04.27"]
[Round "6.6"]
[White "Kahrovic, Mersid"]
[Black "Keca, Dragomir"]
[Result "1-0"]
[WhiteElo "2308"]
[BlackElo "2188"]
[PlyCount "63"]
[EventDate "2013.03.24"]

1. e4 c6 2. d4 d5 3. Nc3 dxe4 4. Nxe4 Bf5 5. Ng3 Bg6 6. Bc4 e6 7. c3 Bd6 8. Qe2
Qc7 9. Nf3 Nd7 10. O-O Ngf6 11. Re1 O-O 12. Nh4 c5 13. Nxg6 hxg6 14. dxc5 Nxc5
15. Be3 Rac8 16. Rad1 a6 17. a3 b5 18. Ba2 Rfd8 19. Bd4 Rd7 20. c4 Rcd8 21.
Bxc5 Bxc5 22. Rxd7 Rxd7 23. b4 Bd4 24. Nf1 Qf4 25. g3 Qg5 26. Kg2 bxc4 27. Bxc4
a5 28. Rd1 axb4 29. axb4 e5 30. b5 Nd5 31. Rxd4 Nc3 32. Qd2 1-0

[Event "Kup Centralne Srbije 2013"]
[Site "Vrnjacka Banja"]
[Date "2013.04.27"]
[Round "6.6"]
[White "Stojiljkovic, Stefan"]
[Black "Mrsevic, Miroslav"]
[Result "0-1"]
[WhiteElo "2037"]
[BlackElo "2294"]
[PlyCount "74"]
[EventDate "2013.03.24"]

1. g3 g6 2. Bg2 Bg7 3. Nf3 e5 4. d3 Nc6 5. O-O d5 6. Nbd2 Be6 7. Nb3 Nge7 8.
Nc5 Bc8 9. a4 Qd6 10. Nb3 h6 11. Nfd2 O-O 12. c4 Be6 13. cxd5 Bxd5 14. Ne4 Qd8
15. Bh3 f5 16. Nc3 Bf7 17. Bg2 g5 18. a5 e4 19. Nc5 b6 20. Na6 Qc8 21. dxe4
Qxa6 22. exf5 Rad8 23. Qa4 Qxa5 24. Qxa5 Nxa5 25. e4 Nec6 26. Be3 Nd4 27. h4
Nc2 28. hxg5 Nxa1 29. f6 Bh8 30. Rxa1 Nc4 31. Bf4 hxg5 32. Bxg5 a5 33. f4 Nxb2
34. e5 Rd3 35. Ne4 Bd5 36. Bh6 Rf7 37. Ng5 Rxg3 0-1

[Event "Kup Centralne Srbije 2013"]
[Site "Vrnjacka Banja"]
[Date "2013.04.27"]
[Round "6.6"]
[White "Dumic, Marko"]
[Black "Stojanovic, Ivan M"]
[Result "1-0"]
[WhiteElo "2268"]
[BlackElo "1908"]
[PlyCount "80"]
[EventDate "2013.03.24"]

1. d4 d6 2. c4 Nf6 3. Nc3 g6 4. e4 Bg7 5. f3 O-O 6. Be3 e5 7. Nge2 Nc6 8. Qd2
a6 9. d5 Na5 10. Nc1 b6 11. b4 Nb7 12. Nb3 a5 13. a3 axb4 14. axb4 Rxa1+ 15.
Nxa1 Nh5 16. Nb3 Qe7 17. Bd3 f5 18. O-O f4 19. Bf2 Bh6 20. Ra1 g5 21. Ra7 Qg7
22. h3 Nf6 23. Kf1 g4 24. hxg4 Nxg4 25. Bg1 Ne3+ 26. Bxe3 fxe3 27. Qe1 Bf4 28.
Qh4 h6 29. c5 bxc5 30. bxc5 dxc5 31. Ba6 Nd6 32. Bxc8 Nxc8 33. Ra8 c4 34. Nc5
Bg5 35. Qh3 Nb6 36. Ra7 Rf7 37. Ne6 Qf6 38. Rb7 Kh7 39. d6 cxd6 40. Rxf7+ Qxf7
1-0

[Event "Kup Centralne Srbije 2013"]
[Site "Vrnjacka Banja"]
[Date "2013.04.27"]
[Round "6.7"]
[White "Zajic, Milan"]
[Black "Kurcubic, Aleksandar"]
[Result "1-0"]
[WhiteElo "2275"]
[BlackElo "2272"]
[PlyCount "78"]
[EventDate "2013.03.24"]

1. e4 e5 2. Nf3 Nc6 3. Bb5 a6 4. Ba4 Nf6 5. d3 d6 6. c3 Be7 7. O-O Bg4 8. h3
Bh5 9. Re1 O-O 10. Nbd2 b5 11. Bb3 Na5 12. Bc2 c5 13. Nf1 Re8 14. Ng3 Bg6 15.
Nh4 d5 16. Nhf5 Bf8 17. Qf3 dxe4 18. dxe4 Qb6 19. Rd1 h6 20. b3 Qe6 21. Be3
Red8 22. Ne2 Bxf5 23. exf5 Qc6 24. Qg3 Rxd1+ 25. Rxd1 Re8 26. Bc1 c4 27. Be3
Kh8 28. Qh4 cxb3 29. axb3 Nb7 30. g4 Nh7 31. g5 hxg5 32. Be4 Qc7 33. Bxg5 Nd6
34. Ng3 f6 35. Be3 Nxe4 36. Nxe4 Qf7 37. b4 g6 38. fxg6 Qxg6+ 39. Kh1 Qf5 1-0

[Event "Kup Centralne Srbije 2013"]
[Site "Vrnjacka Banja"]
[Date "2013.04.27"]
[Round "6.7"]
[White "Urosevic, Radojko"]
[Black "Pantic, Ivica"]
[Result "1-0"]
[WhiteElo "2214"]
[BlackElo "2204"]
[PlyCount "62"]
[EventDate "2013.03.24"]

1. e4 d6 2. d4 Nf6 3. Nc3 e5 4. dxe5 dxe5 5. Qxd8+ Kxd8 6. Bg5 c6 7. O-O-O+
Nbd7 8. f3 Ke8 9. Nge2 h6 10. Be3 Bc5 11. Bd2 b5 12. g3 Nb6 13. a3 a5 14. Kb1
Nc4 15. Nc1 Nxd2+ 16. Rxd2 Ke7 17. Nd3 Bd6 18. f4 Nd7 19. Bh3 f6 20. Rhd1 Nb6
21. Bxc8 Rhxc8 22. b3 Ra7 23. Nxe5 Bxe5 24. fxe5 fxe5 25. Rf2 b4 26. axb4 axb4
27. Rdf1 Ke6 28. Na2 c5 29. Rf8 Rxf8 30. Rxf8 Ra8 31. Rxa8 Nxa8 1-0

[Event "Kup Centralne Srbije 2013"]
[Site "Vrnjacka Banja"]
[Date "2013.04.27"]
[Round "6.7"]
[White "Zivanovic, Blagoje"]
[Black "Dolovic, Dusko"]
[Result "1/2-1/2"]
[WhiteElo "1779"]
[BlackElo "2171"]
[PlyCount "49"]
[EventDate "2013.03.24"]

1. e4 c5 2. Nf3 e6 3. d4 cxd4 4. Nxd4 Nf6 5. Nc3 d6 6. Be2 a6 7. a4 h6 8. Be3
e5 9. Nb3 Be6 10. O-O Be7 11. f3 d5 12. exd5 Nxd5 13. Nxd5 Qxd5 14. Qxd5 Bxd5
15. Nc5 Bxc5 16. Bxc5 Nd7 17. Rfd1 Rc8 18. Rxd5 Rxc5 19. Rad1 Rxd5 20. Rxd5 Ke7
21. b4 f6 22. h4 Rc8 23. c4 Nf8 24. Bd3 Ne6 25. g3 1/2-1/2

[Event "Kup Centralne Srbije 2013"]
[Site "Vrnjacka Banja"]
[Date "2013.04.27"]
[Round "6.8"]
[White "Bajevic, Branko"]
[Black "Vujic, Mihailo"]
[Result "0-1"]
[WhiteElo "2144"]
[BlackElo "2364"]
[PlyCount "70"]
[EventDate "2013.03.24"]

1. c4 e6 2. Nf3 Nf6 3. g3 d5 4. Bg2 c5 5. O-O Nc6 6. cxd5 exd5 7. d4 Be7 8.
dxc5 Bxc5 9. Nbd2 O-O 10. Nb3 Bb6 11. Bg5 h6 12. Bf4 Nh5 13. Be5 Nxe5 14. Nxe5
Re8 15. Nf3 Nf6 16. e3 Ne4 17. Nfd4 Qf6 18. Rc1 Bd7 19. Qd3 Rad8 20. Rc2 h5 21.
Qe2 h4 22. Qh5 h3 23. Bxe4 dxe4 24. f4 Ba4 25. Re2 Bxb3 26. Nxb3 Rd3 27. Rfe1
Qe6 28. f5 Qe5 29. Qxh3 Red8 30. g4 Rd1 31. Qg3 Rxe1+ 32. Qxe1 Qf4 33. Nd4 Bxd4
34. exd4 Rxd4 35. f6 g5 0-1

[Event "Kup Centralne Srbije 2013"]
[Site "Vrnjacka Banja"]
[Date "2013.04.27"]
[Round "6.8"]
[White "Tojagic, Dane"]
[Black "Vujovic, Radojica"]
[Result "1-0"]
[WhiteElo "2276"]
[BlackElo "2088"]
[PlyCount "89"]
[EventDate "2013.03.24"]

1. d4 Nf6 2. c4 c5 3. d5 d6 4. Nc3 g6 5. e4 Bg7 6. h3 O-O 7. Nf3 Na6 8. Bd3 Nc7
9. O-O a6 10. a4 b6 11. Bf4 Nd7 12. Re1 Ne5 13. Nxe5 dxe5 14. Be3 a5 15. f4 Ne8
16. f5 Bd7 17. Qf3 Qc7 18. g4 Qd6 19. Rad1 Nf6 20. b3 Kh8 21. Ne2 Rg8 22. Ng3
h6 23. Rd2 Nh7 24. h4 Rab8 25. g5 Rbd8 26. Rh2 h5 27. Rg2 Be8 28. Kh1 Bf8 29.
Reg1 Rg7 30. Bd2 Kg8 31. Bc3 f6 32. fxg6 Bxg6 33. Nxh5 Bxh5 34. Qxh5 fxg5 35.
hxg5 Qg6 36. Qxg6 Rxg6 37. Bxe5 Rd7 38. Bc3 e5 39. Bxe5 Bg7 40. Bxg7 Rdxg7 41.
e5 Rxg5 42. Bxh7+ Rxh7+ 43. Rh2 Rxh2+ 44. Kxh2 Rxg1 45. Kxg1 1-0

[Event "Kup Centralne Srbije 2013"]
[Site "Vrnjacka Banja"]
[Date "2013.04.27"]
[Round "6.8"]
[White "Milovanovic, Nenad"]
[Black "Merdovic, Miroljub"]
[Result "1-0"]
[WhiteElo "2200"]
[BlackElo "2153"]
[PlyCount "97"]
[EventDate "2013.03.24"]

1. e4 c6 2. d4 d6 3. Nf3 Bg4 4. h3 Bh5 5. c4 Qc7 6. Be2 e5 7. Nc3 Nf6 8. O-O
Be7 9. d5 Nbd7 10. Be3 O-O 11. Rc1 Rfe8 12. Nd2 Bg6 13. Qc2 h6 14. b4 Nh7 15.
Nb3 Ndf6 16. Rfd1 Nh5 17. c5 Rad8 18. f3 Ng3 19. Kh2 Nxe2 20. Qxe2 Nf6 21. cxd6
Qxd6 22. dxc6 Qxc6 23. Nd5 Qe6 24. Nc7 Rxd1 25. Nxe6 Rxc1 26. Nxc1 fxe6 27. b5
b6 28. Qc4 Rd8 29. a4 Be8 30. Nb3 Bd7 31. a5 Rc8 32. Qd3 Bb4 33. axb6 axb6 34.
Bxb6 Rc3 35. Qb1 Nh5 36. Ba5 Rc4 37. b6 Bc6 38. Qd3 Rc3 39. Qd8+ Kh7 40. Bxb4
Rxb3 41. Qc7 Ba8 42. b7 Bxb7 43. Qxb7 Nf4 44. Qb5 Rb2 45. Qxe5 Rxg2+ 46. Kh1
Nd3 47. Qc3 Nf4 48. Qe3 g5 49. Qxf4 1-0

[Event "Kup Centralne Srbije 2013"]
[Site "Vrnjacka Banja"]
[Date "2013.04.27"]
[Round "6.9"]
[White "Colovic, Zoran"]
[Black "Zlatanovic, Zoran"]
[Result "0-1"]
[WhiteElo "2120"]
[BlackElo "2163"]
[PlyCount "61"]
[EventDate "2013.03.24"]

1. e4 c5 2. Nf3 d6 3. c3 Nf6 4. Be2 e6 5. O-O Be7 6. Re1 O-O 7. Bf1 Nbd7 8. d4
e5 9. Bg5 Re8 10. Bb5 Qc7 11. dxc5 Qxc5 12. Na3 a6 13. Bc4 b5 14. Bd3 Bb7 15.
Nc2 d5 16. exd5 Nxd5 17. Bf5 N7b6 18. Rxe5 Bxg5 19. Bxh7+ Kh8 20. Rxg5 Kxh7 21.
Ncd4 g6 22. Ne5 Nxc3 23. Rh5+ Kg8 24. bxc3 Rxe5 25. Rxe5 Qxe5 26. Qg4 Re8 27.
h4 Qe4 28. Qg5 Kg7 29. h5 Re5 30. h6+ Kh7 31. Qf6 0-1

[Event "Kup Centralne Srbije 2013"]
[Site "Vrnjacka Banja"]
[Date "2013.04.27"]
[Round "6.9"]
[White "Kalcic, Krsta"]
[Black "Radovanovic, Miroljub B"]
[Result "1-0"]
[WhiteElo "2246"]
[BlackElo "1969"]
[PlyCount "59"]
[EventDate "2013.03.24"]

1. e4 c5 2. Nc3 Nc6 3. f4 e6 4. Nf3 d5 5. Bb5 a6 6. Bxc6+ bxc6 7. O-O d4 8. Ne2
d3 9. cxd3 Qxd3 10. Nc3 Nf6 11. Qe1 Be7 12. Kh1 O-O 13. b3 Bb7 14. Ba3 Rad8 15.
Rd1 Qd7 16. Na4 c4 17. Ne5 Qc7 18. Bxe7 Qxe7 19. Nxc4 c5 20. d3 Rd4 21. Ne5
Rfd8 22. Rc1 Nxe4 23. dxe4 Rxe4 24. Qf2 Rdd4 25. Nxc5 Rxf4 26. Qc2 Qf6 27. Rxf4
Rxf4 28. Qe2 Bd5 29. Ncd3 h6 30. Nxf4 1-0